000
00363nam a22001577a 4500
003
MPLRDC
005
20220104142902.0
008
210129b ||||| |||| 00| 0 eng d
082
_a
177.2 XDZ c.2
100
_a
徐东哲著
245
_a
立身. 处世. 创业
_c
260
_a
_b
新力书书局
_c
300
_b
平
650
_a
942
_c
BK
_o
177.2 XDZ c.2
999
_c
34540
_d
34530